00715nam a2200193 a 450000100100000000500170001000800410002702000150006804000250008308200170010824500690012526000720019430000530026650000350031965000420035465000340039665000440043071000470047400002541420200930023754.0100527s1996 ko abcd c 000 0 spa d a8973750739 aDO-SdBNPbspacBNPHU a951.9bD234s00aDatos sobre corea /cServicio Coreano de Información Exterior. aSeúl, Corea :bServicio Coreano de Información Exterior,c1996. a226 p. :bil., mapas., retrs., diagrs. ;c19 cm. aEdición revisada y abreviada 4aCorea del surxDescripciones y viajes 4aCorea del surxCivilización 4aCorea del surxCondiciones económicas2 aServicio Coreano de Información Exterior